000 00599nam a2200193Ia 4500
008 240729s9999 xx 000 0 und d
022 _a2812-4855
245 0 _aEgyptian Journal of Agricultural Sciences
260 _aEgypt
260 _bCairo University, Faculty of Agriculture
650 _a Agriculture (General) | Agriculture
650 _a Aquaculture. Fisheries. Angling | Agriculture
650 _a Forestry
650 _a Plant culture | Agriculture
650 _aAgriculture
856 _uhttps://doaj.org/toc/4d6fcae868c440908e4ff364e8e18afe
942 _2ddc
942 _cDOAJEJ
999 _c74918
_d74918
945 _a1
_bMadushi Gamage
_c1
_dMadushi Gamage